Normal view
MARC view
Entry Personal Name
001 - CONTROL NUMBER
- control field: 12436
003 - CONTROL NUMBER IDENTIFIER
- control field: BD-DhEWU
005 - DATE AND TIME OF LATEST TRANSACTION
- control field: 20140618121642.0
008 - FIXED-LENGTH DATA ELEMENTS
- fixed length control field: 140618|| aca||aabn | a|a d
040 ## - CATALOGING SOURCE
- Original cataloging agency: BD-DhEWU
- Transcribing agency: BD-DhEWU
100 ## - HEADING--PERSONAL NAME
- Personal name: Thackeray, William Makepeace,
- Dates associated with a name: 1811-1863.
670 ## - SOURCE DATA FOUND
- Source citation: Work cat.: (BD-DhEWU)6210: Thackeray, William Makepeace, 1811-1863., Vanity fair :, 1994.